[Event "AUTO-INT-787"]
[Site "http://www.queenalice.com/game.php?id=351481"]
[Date "2008.2.9"]
[Round "1"]
[White "Birkoff"]
[Black "Beatryz"]
[Result "0-1"]
[WhiteElo "1415"]
[BlackElo "1480"]

1. e4 e5 2. Nf3 Nf6 3. Nxe5 Nc6 4. Nc4 Bc5 5. e5 Ne4 6. Bd3 Nxf2 7. Qf3 Nxh1 8.
Nc3 Nf2 9. Ne3 Nxd3+ 10. cxd3 Nxe5 11. Qg3 Nxd3+ 12. Ke2 Nxc1+ 13. Rxc1 Bxe3 14.
Qxe3+ Qe7 15. Nd5 Qxe3+ 16. Kxe3 Kd8 17. Re1 Re8+ 18. Kd3 Rxe1 19. Nf4 d6 20.
Nh5 Bf5+ 0-1

[Event "AUTO-INT-787"]
[Site "http://www.queenalice.com/game.php?id=351482"]
[Date "2008.2.9"]
[Round "1"]
[White "Beatryz"]
[Black "Birkoff"]
[Result "1-0"]
[WhiteElo "1495"]
[BlackElo "1415"]

1. e4 Nf6 2. e5 Ne4 3. d3 Nc5 4. Be3 Ne6 5. d4 d5 6. c4 dxc4 7. Bxc4 Nc6 8. d5
Nxe5 9. Bb5+ Bd7 10. Bxd7+ Qxd7 11. dxe6 Qxe6 12. Nf3 Nxf3+ 13. gxf3 Rd8 14.
Qa4+ c6 15. Nc3 Qe5 16. Qxa7 e6 17. Qxb7 Qb8 18. Qxc6+ Rd7 19. Rd1 Bd6 20. Ne4
O-O 21. Qxd7 Qb4+ 22. Rd2 e5 23. Nxd6 1-0

[Event "AUTO-INT-787"]
[Site "http://www.queenalice.com/game.php?id=351483"]
[Date "2008.2.9"]
[Round "1"]
[White "Birkoff"]
[Black "mg23campos"]
[Result "0-1"]
[WhiteElo "1420"]
[BlackElo "1414"]

1. e4 e5 2. Nf3 Nc6 3. Bc4 Nh6 4. O-O Bc5 5. b3 Na5 6. Nxe5 Nxc4 7. Nxc4 d6 8.
d4 b5 9. Na5 Ng4 10. Qf3 Bxd4 11. Nc6 Qh4 12. h3 Bxa1 13. hxg4 Bd7 14. g3 Qh3
15. e5 d5 16. Qxd5 Bxg4 17. Bg5 Be2 18. Nd2 O-O 19. Ne7+ Kh8 20. Rxa1 Qh5 21. e6
f6 22. Nf5 Qxg5 23. e7 Rfe8 24. Ne4 Bf3 25. Re1 Qh5 0-1

[Event "AUTO-INT-787"]
[Site "http://www.queenalice.com/game.php?id=351484"]
[Date "2008.2.9"]
[Round "1"]
[White "mg23campos"]
[Black "Birkoff"]
[Result "1-0"]
[WhiteElo "1413"]
[BlackElo "1447"]

1. e4 Nf6 2. Nc3 e5 3. Nf3 Bd6 4. Bc4 O-O 5. Ng5 Nc6 6. h4 Ne7 7. h5 h6 8. Nxf7
Qe8 9. Nxd6+ Kh7 10. Nxe8 Rxe8 11. d3 b6 12. g4 d6 13. g5 Ng4 14. gxh6 gxh6 15.
Rg1 Rg8 16. Bxg8+ Kxg8 17. Qf3 b5 18. Bxh6 b4 19. Qf8+ 1-0

[Event "AUTO-INT-787"]
[Site "http://www.queenalice.com/game.php?id=351485"]
[Date "2008.2.9"]
[Round "1"]
[White "Birkoff"]
[Black "SGrillo"]
[Result "1-0"]
[WhiteElo "1442"]
[BlackElo "1660"]

1. e4 e5 2. Nf3 d6 3. Bb5+ c6 4. Bd3 h6 5. O-O Be7 6. Nc3 Bg4 7. b4 Nf6 8. b5
O-O 9. bxc6 bxc6 10. a4 Nbd7 11. Be2 Nc5 12. d3 Bxf3 13. Bxf3 Nh7 14. d4 exd4
15. Qxd4 Bf6 16. Qc4 Bxc3 17. Qxc3 Re8 18. Bb2 f6 19. e5 Qc7 20. exd6 Qxd6 21.
Rae1 Rxe1 22. Rxe1 Nf8 23. Qc4+ Kh8 24. Ba3 Nfe6 25. Rxe6 Qd2 26. Bxc5 Qc1+ 27.
Qf1 Qxf1+ 28. Kxf1 a5 29. Bxc6 Rc8 30. Re8+ Rxe8 31. Bxe8 1-0

[Event "AUTO-INT-787"]
[Site "http://www.queenalice.com/game.php?id=351486"]
[Date "2008.2.9"]
[Round "1"]
[White "SGrillo"]
[Black "Birkoff"]
[Result "0-1"]
[WhiteElo "1687"]
[BlackElo "1415"]

1. e4 Nf6 2. e5 Ne4 3. Qe2 d5 4. exd6 Nxd6 5. d4 e6 6. Nf3 Be7 7. Qd3 O-O 8. Be2
Nc6 9. Be3 Nb4 10. Qd1 Ne4 11. c3 Nc6 12. Bd3 Nf6 13. O-O Ng4 14. Re1 Nxe3 15.
Rxe3 b6 16. Bb5 Bb7 17. Nbd2 a6 18. Bxc6 Bxc6 19. Ne5 Qd5 20. Ndf3 Bg5 21. Nxg5
Qxg2# 0-1

[Event "Challenge"]
[Site "http://www.queenalice.com/game.php?id=354564"]
[Date "2008.2.15"]
[Round "-"]
[White "AndrioCatilio"]
[Black "Birkoff"]
[Result "0-1"]
[WhiteElo "1236"]
[BlackElo "1471"]

1. Nf3 e6 2. Nc3 Nh6 3. e4 Bc5 4. d4 Bb4 5. Bxh6 Bxc3+ 6. Bd2 Bxb2 7. Rb1 Ba3 8.
Rb3 Be7 9. Bc3 O-O 10. Bb4 Na6 11. Bxa6 bxa6 0-1

[Event "Let's Play Chess!"]
[Site "http://www.queenalice.com/game.php?id=383453"]
[Date "2008.4.7"]
[Round "-"]
[White "dida"]
[Black "Birkoff"]
[Result "0-1"]
[WhiteElo "1261"]
[BlackElo "1525"]

1. e4 e5 2. Nf3 Qf6 3. h3 Bc5 4. Qe2 Nh6 5. g4 Ng8 6. a3 Nc6 7. b4 Bd4 8. c3 Bb6
9. g5 Qd6 10. h4 Qf8 11. Bh3 f6 12. gxf6 Nxf6 13. Bb2 a5 14. b5 Ne7 15. d3 c5
16. c4 d6 17. Ng5 h6 18. Nf3 Bxh3 19. Rxh3 Ng4 20. Nc3 g5 21. Nd5 Nxd5 22. exd5
O-O-O 23. hxg5 hxg5 24. O-O-O Rxh3 25. Nxg5 Nxf2 26. Nxh3 Nxh3 27. Qg4+ Rd7 28.
Qxh3 Qf4+ 29. Kb1 Bd8 30. Qh8 Qf3 31. Qh1 Qe2 0-1

[Event "Let's Play Chess!"]
[Site "http://www.queenalice.com/game.php?id=384796"]
[Date "2008.4.9"]
[Round "-"]
[White "shobby55"]
[Black "Birkoff"]
[Result "1-0"]
[WhiteElo "1385"]
[BlackElo "1525"]

1. d4 d5 2. e3 Nf6 3. h3 Nc6 4. Nf3 e6 5. Bd3 Bb4+ 6. c3 Bd6 7. O-O Ne4 8. Nbd2
Nxd2 9. Qxd2 O-O 10. e4 dxe4 11. Bxe4 e5 12. Qd3 exd4 13. cxd4 Nb4 14. Bxh7+ Kh8
15. Qe4 Qe7 16. Qxe7 Bxe7 17. Bf5 Bxf5 18. Bd2 c5 19. dxc5 Bxc5 20. a3 Nc2 21.
Rac1 Rad8 22. Rfd1 b6 23. Nh4 Bg6 24. Nxg6+ fxg6 25. Rxc2 Bxf2+ 26. Kh2 Bh4 27.
Rcc1 Rd3 28. a4 Bg3+ 29. Kg1 Rf2 30. Bc3 Rxd1+ 31. Rxd1 a6 32. Bd4 Re2 33. Bxb6
Rxb2 34. a5 Kh7 35. Kf1 Kh6 36. Rc1 Kh5 37. Bd8 g5 38. Be7 g4 39. Rc5+ Kh6 40.
hxg4 Rb1+ 41. Ke2 Re1+ 42. Kf3 Rxe7 43. Kxg3 Re3+ 44. Kf4 Re6 45. Rh5+ Kg6 46.
Rg5+ Kf6 47. Rf5+ Kg6 48. Re5 Rxe5 49. Kxe5 Kg5 50. Kd5 Kxg4 51. Kc5 g5 52. Kb6
Kg3 53. Kxa6 Kxg2 54. Kb5 g4 55. a6 g3 56. a7 Kh2 57. a8=Q g2 58. Qh8+ Kg3 59.
Qg7+ Kh2 60. Qh6+ Kg3 61. Qg5+ Kh2 62. Qh4+ Kg1 63. Kc4 Kf1 64. Qf4+ Ke1 65.
Qg3+ Kf1 66. Qf3+ Ke1 67. Qxg2 1-0

[Event "Partida Abril #12"]
[Site "http://www.queenalice.com/game.php?id=384930"]
[Date "2008.4.10"]
[Round "-"]
[White "SRIVERO"]
[Black "Birkoff"]
[Result "1-0"]
[WhiteElo "1744"]
[BlackElo "1494"]

1. Nc3 d5 2. e3 Nf6 3. d4 Nc6 4. Nf3 e6 5. a3 Bd6 6. Bb5 O-O 7. O-O Ng4 8. Re1
a6 9. Bxc6 bxc6 10. e4 a5 11. e5 Be7 12. Bf4 Bh4 13. g3 Be7 14. Ng5 Bxg5 15.
Qxg4 Bxf4 16. Qxf4 Rb8 17. b3 c5 18. dxc5 d4 19. Rad1 Bb7 20. Rxd4 Qe8 21. Qg5
Qc6 22. Ne4 f6 23. exf6 Rxf6 24. Nxf6+ Kh8 25. Ree4 gxf6 26. Qxf6+ Kg8 27. Rg4#
1-0

[Event "Partida Abril #16"]
[Site "http://www.queenalice.com/game.php?id=384934"]
[Date "2008.4.10"]
[Round "-"]
[White "Birkoff"]
[Black "SRIVERO"]
[Result "1-0"]
[WhiteElo "1466"]
[BlackElo "1772"]

1. e4 c5 2. Bc4 Nc6 3. c3 e5 4. Qf3 Nf6 5. g4 d6 6. g5 Bg4 7. Qg2 Nxe4 8. Qxe4
Qxg5 9. Nf3 Qh5 10. Ng1 f5 11. Qd5 O-O-O 12. Ba6 Be7 13. Qxc6+ 1-0

[Event "BRAZUKA"]
[Site "http://www.queenalice.com/game.php?id=384985"]
[Date "2008.4.10"]
[Round "-"]
[White "Strogonoff"]
[Black "Birkoff"]
[Result "1-0"]
[WhiteElo "1624"]
[BlackElo "1481"]

1. e4 Nf6 2. Nc3 e6 3. d4 d5 4. Bg5 Be7 5. e5 Ne4 6. Nxe4 dxe4 7. Bxe7 Qxe7 8.
Qg4 Qb4+ 9. c3 Qxb2 10. Rd1 Qxc3+ 11. Rd2 O-O 12. Qxe4 Qa1+ 13. Rd1 Qxa2 14. Bd3
g6 15. Nf3 Nc6 16. O-O f5 17. Qf4 b6 18. Qh6 Qb2 19. Ng5 Rf7 20. Nxf7 Kxf7 21.
Qxh7+ Ke8 22. Qxg6+ Kd7 23. Qf7+ Ne7 24. Bc4 Bb7 25. Bxe6+ Kc6 26. Qxe7 Bc8 27.
Rc1+ Kb7 28. Bd5+ Kb8 29. Qxc7# 1-0

[Event "Best of 3!"]
[Site "http://www.queenalice.com/game.php?id=385146"]
[Date "2008.4.10"]
[Round "-"]
[White "Birkoff"]
[Black "SRIVERO"]
[Result "0-1"]
[WhiteElo "1488"]
[BlackElo "1710"]

1. e4 c5 2. Bc4 Nc6 3. Qf3 Ne5 4. Qc3 Nxc4 5. Qxc4 d6 6. Nf3 Be6 7. Qb5+ Qd7 8.
Qxd7+ Bxd7 9. O-O e5 10. Nc3 Nf6 11. Nd5 Nxd5 12. exd5 Be7 13. d3 b5 14. Bg5 f6
15. Bd2 g5 16. b4 c4 17. d4 Bf5 18. dxe5 dxe5 19. c3 Be4 20. Ne1 Bxd5 21. Nc2 h5
22. a4 Bc6 23. a5 h4 24. Na3 a6 25. Be3 O-O-O 26. Bb6 Rd3 27. Rad1 Rxc3 28. Nb1
Rd3 29. Rxd3 cxd3 30. Bc5 Bxc5 31. bxc5 h3 32. g3 f5 33. Nd2 f4 34. g4 e4 35. f3
e3 36. Nb1 e2 37. Rc1 Bxf3 38. Nd2 Bxg4 39. Ne4 f3 40. Nd6+ Kc7 41. Ne4 Re8 42.
Nxg5 e1=Q+ 43. Rxe1 Rxe1+ 44. Kf2 Re2+ 45. Kg3 f2 46. Kxg4 f1=Q 47. Nxh3 Re4+
0-1

[Event "Let's Play Chess!"]
[Site "http://www.queenalice.com/game.php?id=385380"]
[Date "2008.4.11"]
[Round "-"]
[White "Birkoff"]
[Black "spawnwolfwolverine"]
[Result "1-0"]
[WhiteElo "1500"]
[BlackElo "1533"]

1. e4 e5 2. Nf3 d6 3. Bb5+ c6 4. Bd3 Nf6 5. O-O Be7 6. Nc3 O-O 7. b3 a6 8. Ng5
Bg4 9. Be2 Bxe2 10. Qxe2 b6 11. a4 Nbd7 12. Qc4 c5 13. Nd5 Nxd5 14. exd5 Bxg5
15. d4 Bxc1 16. Raxc1 exd4 17. Rce1 Nf6 18. b4 h6 19. bxc5 dxc5 20. Qd3 Nxd5 21.
c4 Nc3 22. g4 f6 23. h4 a5 24. h5 Qd6 25. Qg6 Nxa4 26. g5 Rad8 27. gxh6 Rf7 28.
h7+ Kh8 29. Qxf7 Kxh7 30. Qg6+ Kg8 31. Re8+ Rxe8 32. Qxe8+ Qf8 33. Qxa4 g5 34.
Qc2 Qh6 35. Qe2 Kf7 36. Rb1 f5 37. Re1 g4 38. Qe7+ Kg8 39. Qe8+ Kh7 40. Re7+ Qg7
41. Qg6+ Kh8 42. Qxg7# 1-0

[Event "Let's Play Chess!"]
[Site "http://www.queenalice.com/game.php?id=385381"]
[Date "2008.4.11"]
[Round "-"]
[White "spawnwolfwolverine"]
[Black "Birkoff"]
[Result "0-1"]
[WhiteElo "1550"]
[BlackElo "1481"]

1. g3 e5 2. e4 Nf6 3. d3 Bb4+ 4. c3 Bd6 5. Bg2 O-O 6. Nf3 Nc6 7. O-O b6 8. b4 a5
9. Ba3 axb4 10. Bxb4 Bxb4 11. cxb4 Nxb4 12. Nc3 Ra3 13. Qc1 Ra5 14. Nxe5 Rxe5
15. Qd2 Ba6 16. Qf4 Nxd3 17. Qh4 Rh5 18. Qxh5 Nxh5 19. a4 Qf6 20. Nd5 Qd4 21.
Nxc7 Nb4 22. Nxa6 Nxa6 23. Rad1 Qxa4 24. f4 Nf6 25. e5 Ng4 26. Bh3 Ne3 27. Rxd7
Nxf1 28. Bxf1 Qxd7 29. Bxa6 Qd1+ 30. Kg2 Qg4 31. h4 Rd8 32. Bc4 Rd2+ 33. Be2
Rxe2+ 34. Kg1 Qxg3+ 35. Kf1 Qf2# 0-1

[Event "Xadrez 19"]
[Site "http://www.queenalice.com/game.php?id=385885"]
[Date "2008.4.11"]
[Round "-"]
[White "filipe_pinheiro"]
[Black "Birkoff"]
[Result "1-0"]
[WhiteElo "2134"]
[BlackElo "1527"]

1. d4 e6 2. c4 Bb4+ 3. Bd2 Bxd2+ 4. Qxd2 Nf6 5. Nf3 d5 6. Nc3 dxc4 7. e4 O-O 8.
Bxc4 Nc6 9. e5 Nd5 10. Ne4 a6 11. h4 b5 12. Bd3 Qe7 13. a3 b4 14. Neg5 bxa3 15.
Bxh7+ Kh8 16. bxa3 f6 17. exf6 Nxf6 18. Qc2 e5 19. Qxc6 Bd7 20. Qc2 Rac8 21. O-O
c5 22. dxe5 c4 23. exf6 Qxf6 24. Be4 Bf5 25. Bxf5 Qxf5 26. Qxf5 Rxf5 27. a4 a5
28. Rfc1 Rf4 29. Rc3 Rd8 30. Ne6 Rd3 31. Rxd3 cxd3 32. Nxf4 1-0

[Event "Challenge"]
[Site "http://www.queenalice.com/game.php?id=387845"]
[Date "2008.4.15"]
[Round "-"]
[White "Birkoff"]
[Black "Strogonoff"]
[Result "0-1"]
[WhiteElo "1517"]
[BlackElo "1825"]

1. e4 e5 2. Nf3 Nc6 3. Nc3 Nf6 4. Bc4 Bc5 5. O-O O-O 6. Nd5 Nxe4 7. Ne3 Bxe3 8.
dxe3 Nd6 9. Qd5 Nxc4 10. Qxc4 d6 11. e4 Bg4 12. Bg5 Qd7 13. Nh4 Be6 14. Qe2 h6
15. Bd2 Nd4 16. Qd3 f5 17. exf5 Nxf5 18. Nxf5 Bxf5 19. Qd5+ Qf7 20. Qxb7 Rab8
21. Qxa7 Rxb2 22. Rfc1 Bxc2 23. Qe3 Bg6 24. Rf1 Rxa2 25. Rxa2 Qxa2 26. Bb4 c5
27. Bc3 Qc2 28. Qd2 Qxd2 29. Bxd2 d5 30. Bc1 e4 31. Ba3 Ra8 32. Bxc5 Rc8 33. Rc1
d4 34. Ba3 Rc3 35. Rxc3 dxc3 36. h4 h5 37. Kh2 c2 38. Kg3 Be8 39. Kf4 Bc6 40. f3
exf3 41. gxf3 Kf7 42. Ke3 g6 43. f4 Kf6 44. Bc1 Kf5 45. Kd3 Be4+ 46. Ke3 Bc6 47.
Kd2 Ba4 48. Kc3 Kg4 49. Kb4 Bc6 50. Kc5 Bf3 51. Kd4 Kxh4 52. Kd3 Bd1 53. Kd2 Kg3
54. Ke3 h4 55. Ke4 h3 56. f5 gxf5+ 57. Kxf5 h2 58. Bf4+ Kg2 0-1

[Event "Challenge"]
[Site "http://www.queenalice.com/game.php?id=393005"]
[Date "2008.4.25"]
[Round "-"]
[White "Birkoff"]
[Black "dani29rock"]
[Result "0-1"]
[WhiteElo "1515"]
[BlackElo "1750"]

1. e4 e5 2. Nf3 d6 3. Bb5+ Bd7 4. Bxd7+ Qxd7 5. O-O Nf6 6. d4 Nxe4 7. dxe5 d5 8.
Nc3 Nc6 9. Qxd5 Nxc3 10. Qxd7+ Kxd7 11. bxc3 Re8 12. Rd1+ Kc8 13. Re1 Be7 14. e6
f6 15. Bf4 Rd8 16. Rad1 Rd6 17. Rxd6 Bxd6 18. Bxd6 cxd6 19. e7 Re8 20. Re6 Kd7
21. Re1 Nxe7 22. Nh4 Ng6 23. Rxe8 Kxe8 24. Nf5 d5 25. Nd6+ Kd7 26. Nxb7 Nf4 27.
Nc5+ Kc6 28. Nd3 Ne2+ 29. Kf1 Nxc3 30. Nb4+ Kb5 31. a3 Kc4 32. Nc6 Nb1 33. Nxa7
Nxa3 34. Nc8 Nxc2 35. Nd6+ Kd3 36. Ne8 d4 37. Nxg7 Kd2 38. Nf5 d3 39. g4 Kc1 40.
h4 d2 41. Ne3 Nxe3+ 42. fxe3 d1=Q+ 43. Kf2 Qd2+ 44. Kf3 Qh2 45. h5 Qe5 46. e4
Kd2 0-1

[Event "Challenge"]
[Site "http://www.queenalice.com/game.php?id=404822"]
[Date "2008.5.18"]
[Round "-"]
[White "ORNELAS"]
[Black "Birkoff"]
[Result "0-1"]
[WhiteElo "1584"]
[BlackElo "1508"]

1. b3 d5 2. Bb2 d4 3. Nf3 Nc6 4. d3 e5 5. g3 Bb4+ 6. Nbd2 Bxd2+ 7. Qxd2 Nf6 8.
Bg2 O-O 9. O-O Ng4 10. Ng5 Qf6 11. Nh3 Qh6 12. Qxh6 Nxh6 13. e4 Ne7 14. c3 dxc3
15. Bxc3 Ng6 16. Bb4 Rd8 17. Ng5 Rxd3 18. Rac1 b6 19. Ba3 Ba6 20. Rxc7 Rd2 21.
Rfc1 Rxa2 22. Bd6 Ng4 23. Rd7 Rxf2 24. h3 Rxg2+ 25. Kxg2 Ne3+ 26. Kf2 h6 27.
Kxe3 hxg5 28. Rcc7 Nh8 29. Bxe5 Bb5 30. Re7 Ng6 31. Rxf7 Nxe5 32. Rxg7+ Kf8 33.
h4 Ng4+ 34. Kf3 Ne5+ 35. Ke3 Rc8 36. Rxa7 Ng4+ 37. Kf3 Nh2+ 38. Kg2 Rc2+ 39. Kg1
Nf3+ 40. Kh1 Rh2# 0-1

[Event "Challenge"]
[Site "http://www.queenalice.com/game.php?id=430327"]
[Date "2008.7.9"]
[Round "-"]
[White "fbn"]
[Black "Birkoff"]
[Result "1-0"]
[WhiteElo "1895"]
[BlackElo "1530"]

1. e4 d6 2. d4 d5 3. e5 e6 4. Nf3 Nc6 5. c3 Nge7 6. Bb5 Nf5 7. Bxc6+ bxc6 8. Bg5
Be7 9. Bxe7 Qxe7 10. Nbd2 c5 11. Qa4+ Bd7 12. Qa5 cxd4 13. cxd4 O-O 14. Qxc7 Qd8
15. Qxd8 Rfxd8 16. g4 Ne7 17. h3 Rdb8 18. b3 Bb5 19. a4 Bd3 20. Kd1 Nc6 21. Ne1
Nb4 22. Nxd3 Nxd3 23. Ke2 Nf4+ 24. Kf3 Nd3 25. Ke3 Nb2 26. Rhb1 Nxa4 27. Rxa4 g5
28. b4 Kg7 29. f4 h5 30. fxg5 hxg4 31. hxg4 Kg6 32. Kf4 Rb7 33. b5 Rb6 34. Ra5
a6 35. Rxa6 1-0